| 000 | 00455nam a2200157Ia 4500 | ||
|---|---|---|---|
| 008 | 151021s9999 xx 000 0 und d | ||
| 020 | _a582485983 | ||
| 050 | _aBS 1197 .S62 1957 | ||
| 245 | _a_The Livind World of the Old Testament Bernhard w Anderson | ||
| 250 | _a3rd ed. | ||
| 260 | _aEngland Longman 1975 | ||
| 300 | _axvii,649p, 24cm | ||
| 500 | _aIncludes bibliography and index. | ||
| 650 | _a_Bible | ||
| 980 | _a^d20101126 11:19:11^oanne | ||
| 999 |
_c5358 _d5358 |
||